000
00254nam a22001217a 4500
008
181101b xxu||||| |||| 00| 0 eng d
041
_a
eng
080
_a
510
100
_a
37
101
_a
MAT
245
_a
Scintifid Tables
_c
Geigy.d
942
_2
udc
_c
BK
999
_c
51459
_d
51459